000 00721nam a2200241Ia 4500
003 OSt
005 20220930190003.0
006 a|||||r|||| 00| 0
007 ta
008 220926b |||||||| |||| 00| 0 eng d
024 _a87045
037 _cTextbook
040 _aCRL
_cCRL
_beng
041 _2eng
_aeng
082 _aV654:19, L6
100 _aKadzai Ayuba
_9558540
245 0 _aNigeria's global strategy
_b a public lecture delivered under the auspices of the Nigerian institute of international affairs
260 _aZaria
_bAhmadu Bello University Nigeria
_c1976
300 _a25p
_ccm.
650 _aHISTORY
942 _hV654:19, L6
_cTB
_2CC
999 _c891416
_d891416